Statistics for DC Movies Quiz

Click here to take the quiz!

General Stats

  • This quiz has been taken 111 times
    (78 since last reset)
  • The average score is 21 of 38

Answer Stats

Release YearMovie Name% Correct
1989Batman
100%
1966Batman
100%
1995Batman Forever
100%
2022The Batman
100%
1978Superman
97%
2017Wonder Woman
87%
2023The Flash
86%
2018Aquaman
80%
2017Justice League
80%
2008The Dark Knight
77%
2019Shazam!
67%
2013Man of Steel
65%
2005Batman Begins
64%
2021The Suicide Squad
64%
2019Joker
62%
2016Suicide Squad
62%
2012The Dark Knight Rises
59%
2011Green Lantern
58%
2022Black Adam
54%
2020Wonder Woman 1984
52%
2023Blue Beetle
48%
1997Batman & Robin
46%
2023Aquaman and the Lost Kingdom
45%
1992Batman Returns
42%
2016Batman v Superman: Dawn of Justice
42%
2020Birds of Prey
41%
2023Shazam! Fury of the Gods
38%
1980Superman II
38%
1983Superman III
38%
2006Superman Returns
35%
2004Catwoman
33%
1984Supergirl
26%
1982Swamp Thing
23%
1987Superman IV: The Quest for Peace
19%
2005Constantine
16%
2024Joker: Folie à Deux
14%
1951Superman and the Mole Men
9%
1989The Return of Swamp Thing
9%

Score Distribution

Percentile by Number Answered

Percent of People with Each Score

Your Score History

You have not taken this quiz since the last reset